[Event "Erbil Khanzad op 14th"]
[Site "Erbil"]
[Date "2019.12.16"]
[Round "9.8"]
[White "Alawash, Firass"]
[Black "Azez, Ali Hussein"]
[Result "1-0"]
[WhiteElo "1809"]
[BlackElo "1435"]
[PlyCount "123"]
[EventDate "2019.12.12"]
[EventType "swiss"]
[EventRounds "9"]
[EventCountry "IRQ"]
[SourceTitle "CBM 193 Extra"]
[Source "ChessBase"]
[SourceDate "2020.01.31"]
[SourceVersion "1"]
[SourceVersionDate "2020.01.31"]
[SourceQuality "1"]

1. e4 e5 2. Nf3 d6 3. Bc4 Be7 4. d4 exd4 5. Nxd4 Nf6 6. Nc3 c6 7. a4 a6 8. 0-0 0-0 9. h3 Nbd7 10. Nf5 Ne5 11. Nxe7+ Qxe7 12. Bd3 Nxd3 13. Qxd3 Be6 14. Bg5 h6 15. Bh4 b5 16. axb5 cxb5 17. Rfd1 Rfd8 18. Qd4 g5 19. Bg3 Ne8 20. f4 f6 21. Nd5 Qf7 22. fxg5 Bxd5 23. g6 Qe6 24. Qxd5 Qxd5 25. Rxd5 Kg7 26. Rad1 Ra7 27. Bxd6 Kxg6 28. Bc5 Rxd5 29. Rxd5 Rc7 30. Kf2 Rb7 31. b4 Kf7 32. Rd8 h5 33. Ra8 Nc7 34. Rf8+ Kg7 35. Kf3 Ne6 36. Rc8 Nxc5 37. Rxc5 Kg6 38. Rc6 Ra7 39. e5 a5 40. Rxf6+ Kg7 41. bxa5 Rxa5 42. Rc6 b4 43. Kf4 Ra4 44. Kg5 Kf7 45. Kf5 Ra7 46. Rb6 Rc7 47. Rxb4 Rxc2 48. Rb7+ Kf8 49. g4 Rh2 50. Kf6 Rf2+ 51. Kg5 Rh2 52. Kxh5 Rxh3+ 53. Kg6 Re3 54. Kf5 Rf3+ 55. Ke4 Rg3 56. Kf4 Rg1 57. g5 Rf1+ 58. Kg4 Rg1+ 59. Kf5 Rf1+ 60. Ke6 Rg1 61. Ra7 Rxg5 62. Kf6 1-0